Cambridge IELTS - 2 with answers : (Record no. 109425)
[ view plain ]
| 000 -LEADER | |
|---|---|
| fixed length control field | 00517nam a2200157 a 4500 |
| 005 - DATE AND TIME OF LATEST TRANSACTION | |
| control field | 20140414093843.0 |
| 008 - FIXED-LENGTH DATA ELEMENTS--GENERAL INFORMATION | |
| fixed length control field | 090320s19uu xx uuu eng d |
| 020 ## - INTERNATIONAL STANDARD BOOK NUMBER | |
| International Standard Book Number | 0521-77530-2 |
| 050 ## - LIBRARY OF CONGRESS CALL NUMBER | |
| Classification number | CT 420.7 |
| Item number | CAM 2000 |
| 100 ## - MAIN ENTRY--PERSONAL NAME | |
| Personal name | Cambridge |
| 245 ## - TITLE STATEMENT | |
| Title | Cambridge IELTS - 2 with answers : |
| Remainder of title | examination papers from the University of Cambridge local examinations syndicate / |
| Statement of responsibility, etc | Cambridge. |
| 260 ## - PUBLICATION, DISTRIBUTION, ETC. (IMPRINT) | |
| Name of publisher, distributor, etc | Cambridge University Press, |
| Date of publication, distribution, etc | c2000. |
| 650 ## - SUBJECT ADDED ENTRY--TOPICAL TERM | |
| Topical term or geographic name as entry element | English as a second language. |
| 942 ## - ADDED ENTRY ELEMENTS (KOHA) | |
| Koha item type | Audio Visual Materials |
| Withdrawn status | Lost status | Damaged status | Use restrictions | Home library | Current library | Shelving location | Date acquired | Source of acquisition | Cost, normal purchase price | Total Checkouts | Total Renewals | Full call number | Barcode | Date last seen | Date checked out | Price effective from | Koha item type |
|---|---|---|---|---|---|---|---|---|---|---|---|---|---|---|---|---|---|
| Luxembourg Library | Luxembourg Library | Audio Visual Material Section | 03/20/2009 | 892.00 | 2 | 8 | CT 420.7 CAM 2000 | AV1066 | 08/29/2018 | 06/26/2018 | 04/14/2014 | Audio Visual Materials |